书目信息 |
| 题名: |
图书馆统计学
|
|
| 作者: | 李景春 编著 | |
| 分册: | ||
| 出版信息: | 大连 东北财经大学出版社 1987.6 |
|
| 页数: | 260页 | |
| 开本: | 19厘米 | |
| 丛书名: | ||
| 单 册: | ||
| 中图分类: | G251.4 | |
| 科图分类: | ||
| 主题词: | 图书馆统计-统计学 , 统计学-图书馆统计 | |
| 电子资源: | ||
| ISBN: | 7-81005-022-2 | |
| 000 | 00787nam0 2200253 45 | |
| 001 | 0188011421 | |
| 005 | 20060725092310.71 | |
| 010 | @a7-81005-022-2@dCNY2.00 | |
| 020 | @aCN@b88011421 | |
| 100 | @a19910415d1987 m y0chiy0120 ea | |
| 101 | 0 | @achi |
| 102 | @aCN@b210000 | |
| 105 | @ay z 000yy | |
| 200 | 10 | @a图书馆统计学@Atu shu guan tong ji xue@f李景春编著@Fli jing chun bian zhu |
| 210 | @a大连@c东北财经大学出版社@d1987.6 | |
| 215 | @a260页@d19厘米 | |
| 330 | @a本书着重阐述了图书馆统计的基本理论、基本知识和一般的计算方法。 | |
| 540 | 1 | @a图书馆统计学@Atu shu guan tong ji xue |
| 606 | @a图书馆统计-统计学 | |
| 606 | @a统计学-图书馆统计 | |
| 690 | @aG251.4@v1980 | |
| 701 | 0 | @a李景春@Ali jing chun@4编著 |
| 801 | 0 | @aCN@bTSSF@c20060725 |
| 905 | @a10447@dG251.4@e13 | |
| 图书馆统计学/李景春编著.-大连:东北财经大学出版社,1987.6 |
| 260页;19厘米 |
| ISBN 7-81005-022-2:CNY2.00 |
| 本书着重阐述了图书馆统计的基本理论、基本知识和一般的计算方法。 |
| ● |
| 相关链接 |
|
|
|
|
正题名:图书馆统计学
索取号:G251.4/13
 
预约/预借
| 序号 | 登录号 | 条形码 | 馆藏地/架位号 | 状态 | 备注 |
| 1 | 0426079 | 204260799 | 密集书库/ [索取号:G251.4/13] | 在馆 |